000 00491pab a2200181 454500
008 180718b2009 xxu||||| |||| 00| 0 eng d
100 _aThee, Kian Wie
245 _aThe development of labour-intensive garment manufacturing in Indonesia
260 _c2009
300 _ap.562-78.
362 _aNov
650 _aLabur - Indonesia
650 _aIndonesia - Textile industries
650 _aTextile industry
773 _aJournal of Contemporary Asia
908 _aN
909 _a84122
999 _c84122
_d84122